| 000 | 00572cam a2200205 4500 | ||
|---|---|---|---|
| 001 | 298495 | ||
| 005 | 20180213082731.0 | ||
| 008 | 721019s1973 nyua 001 0 eng | ||
| 010 | _a 72010578 | ||
| 020 | _a0070092753 | ||
| 040 |
_aDLC _cDLC _dDLC |
||
| 041 | _aeng | ||
| 080 | _a510 GRA | ||
| 082 | 0 | 0 | _a510 GRA |
| 100 | 1 | _a35 | |
| 101 | _aMAT | ||
| 245 | 1 | 0 |
_aFoundations of mathematics, with application to the social and management sciences _c[by] Grace A. Bush [and] John E. Young. |
| 906 |
_a7 _bcbc _corignew _d1 _eocip _f19 _gy-gencatlg |
||
| 942 |
_2ddc _cBK |
||
| 999 |
_c42412 _d42412 |
||